Statystyki dla Grupy indoeuropejskie

Kliknij tutaj aby rozwiązać quiz!

Ogólne statystyki

  • Ten quiz został rozwiązany 83 razy
  • Średni wynik to 6 z 11

Statystyki odpowiedzi

#Grupa% Poprawnych
14Słowiańska
97%
14Germańska
92%
10Romańska
86%
3Celtycka
69%
2Bałtycka
58%
3Albańska
53%
17Irańska
42%
2Helleńska
31%
3Ormiańska
31%
8Indoaryjska
22%
2Nuristańska
6%

Rozkład punktacji

Percentyl według liczby udzielonych odpowiedzi

Procent ludzi z każdym wynikiem

Twoja historia wyników

Nie rozwiązałeś tego quizu